00221nam a2200085Ia 450000100070000000500170000700800410002424500470006526000230011277999420250826170116.0250824s9999 xx 000 0 und d 0aKÜÇÜK ŞEYLERcSAMİPAŞA SEZAİ bAKVARYUM YAYINLARI